| 000 | 00619cam a22001934a 4500 | ||
|---|---|---|---|
| 020 | _a0471317918 (cloth : alk. paper) | ||
| 040 | _cDLC | ||
| 082 | 0 | 0 | _a579 JOH 2000 A008 Or. |
| 100 | 1 | _aTate, Robert L., | |
| 245 | 1 | 0 | _aSoil microbiology / |
| 250 | _a2nd ed. | ||
| 260 |
_aNew York : _bJohn Wiley, _cc2000. |
||
| 300 |
_axxiii, 508 p. : _bill. ; _c25 cm. |
||
| 650 | 0 | _aSoil microbiology. | |
| 856 | 4 | 2 | _uhttp://www.loc.gov/catdir/bios/wiley046/99021922.html |
| 856 | 4 | 2 | _uhttp://www.loc.gov/catdir/description/wiley0310/99021922.html |
| 856 | 4 | _uhttp://www.loc.gov/catdir/toc/onix05/99021922.html | |
| 942 | _cEK | ||
| 999 |
_c17112 _d17112 |
||